| 000 | 00849nam a22002777a 4500 | ||
|---|---|---|---|
| 001 | 9690 | ||
| 003 | FISKH | ||
| 005 | 20260129150741.0 | ||
| 008 | 260129b cb ||||| |||| 00| 0 eng d | ||
| 020 | _a0307302695 | ||
| 040 |
_aFISKH _beng _cFISKH _dFISKH |
||
| 050 | _aPZ3.8 .K2 | ||
| 082 | _a513.2 | ||
| 100 |
_aLundell, Margo _eAuthor |
||
| 245 |
_aMy kindergarten counting book / _cBy Margo Lundell ; illustrated by Kathryn Mitter |
||
| 260 |
_aNew York : _bA Golden Book , _c1995 |
||
| 300 |
_a22 unnumbered pages : _bcolor illustrations ; _c20 cm |
||
| 505 | _aG | ||
| 520 | _aSpend a day in kindergarten counting from one to twenty. | ||
| 521 | 8 |
_a300
_bLexile estimate |
|
| 521 | 8 |
_aG
_bRaz-Plus |
|
| 650 |
_aGolden book _vCounting numbers |
||
| 700 |
_aMitter, Kathryn _eIllustrator |
||
| 942 |
_2ddc _cBK _n0 |
||
| 999 |
_c9690 _d9690 |
||